| 000 -LEADER |
| fixed length control field |
00605nam a22001937a 4500 |
| 005 - DATE AND TIME OF LATEST TRANSACTION |
| control field |
20240328143819.0 |
| 008 - FIXED-LENGTH DATA ELEMENTS--GENERAL INFORMATION |
| fixed length control field |
240328s2012 enk||||| |||| 00| 0 eng d |
| 020 ## - INTERNATIONAL STANDARD BOOK NUMBER |
| International Standard Book Number |
9780136020585 |
| 041 ## - LANGUAGE CODE |
| Language code of text/sound track or separate title |
eng |
| 080 ## - UNIVERSAL DECIMAL CLASSIFICATION NUMBER |
| Universal Decimal Classification number |
514.144 V-38 |
| 100 ## - MAIN ENTRY--PERSONAL NAME |
| Personal name |
Venema, Gerard |
| 9 (RLIN) |
21618 |
| 245 ## - TITLE STATEMENT |
| Title |
Foundations of Geometry: |
| Remainder of title |
Foundations of Geometry / |
| Statement of responsibility, etc. |
Gerard Venema. |
| 250 ## - EDITION STATEMENT |
| Edition statement |
second edition |
| 264 ## - PRODUCTION, PUBLICATION, DISTRIBUTION, MANUFACTURE, AND COPYRIGHT NOTICE |
| Place of production, publication, distribution, manufacture |
Boston : |
| Name of producer, publisher, distributor, manufacturer |
Pearson, |
| Date of production, publication, distribution, manufacture, or copyright notice |
2012. |
| 300 ## - PHYSICAL DESCRIPTION |
| Extent |
890 p.; |
| Other physical details |
25 cm. |
| 653 ## - INDEX TERM--UNCONTROLLED |
| keyword |
გეომეტრიის საფუძვლები |
| 653 ## - INDEX TERM--UNCONTROLLED |
| keyword |
გეომეტრია |
| 942 ## - ADDED ENTRY ELEMENTS (KOHA) |
| Source of classification or shelving scheme |
|
| Koha item type |
წიგნი |